000 00686nam a22002537a 4500
003 UA-OsUOA
001 91459
007 ta
008 20121128b un ||||| |||| 00| 0 ukr d
100 _aСмолич Ю.
090 _a821.161.2
_bС51
942 _cBK
040 _aUA-OsUOA
_bukr
_cUA-OsUOA
_dUA-OsUOA
245 _aРік народження 1917
_bдилогія
300 _a545 с.
955 _a3
041 _aukr
080 _a821.161.2
260 _aК.
_bДніпро
_c1967
246 3 1 _aкн. 1
_nМир хатам, війна палацам
044 _aUA
650 7 _a82 Література. Літературознавство
_2UDC
999 _c377719
_d377719